How to Install & Service Auto Radios. (Record no. 545712)
[ view plain ]
| 000 -LEADER | |
|---|---|
| fixed length control field | 00418nam a22001457a 4500 |
| 082 ## - DEWEY DECIMAL CLASSIFICATION NUMBER | |
| Classification number | 621.384. |
| Author Mark | DAR. |
| -- | L-11, P-62. |
| 100 ## - MAIN ENTRY--PERSONAL NAME | |
| Personal name | Darr, Jack. |
| 9 (RLIN) | 41665 |
| 245 ## - TITLE STATEMENT | |
| Title | How to Install & Service Auto Radios. |
| Statement of responsibility, etc. | Darr, Jack. |
| 250 ## - EDITION STATEMENT | |
| Edition statement | 2nd ed. |
| 260 ## - PUBLICATION, DISTRIBUTION, ETC. | |
| Place of publication, distribution, etc. | New York. |
| Name of publisher, distributor, etc. | John F. Rider |
| Date of publication, distribution, etc. | c1959. |
| 300 ## - PHYSICAL DESCRIPTION | |
| Extent | iii, 154 p. : |
| Other physical details | ill |
| Dimensions | 18 cm |
| 526 ## - STUDY PROGRAM INFORMATION NOTE | |
| Program name | 0 |
| Interest level | 0 |
| Reading level | 0 |
| Title point value | 621_384000000000000__DAR |
| 650 ## - SUBJECT ADDED ENTRY--TOPICAL TERM | |
| Topical term or geographic name entry element | MCE |
| 9 (RLIN) | 379 |
| 942 ## - ADDED ENTRY ELEMENTS (KOHA) | |
| Source of classification or shelving scheme | |
| Koha item type | Book |
| Withdrawn status | Lost status | Source of classification or shelving scheme | Damaged status | Not for loan | Permanent Location | Current Location | Date acquired | Total Checkouts | Full call number | Barcode | Date last seen | Price effective from | Koha item type |
|---|---|---|---|---|---|---|---|---|---|---|---|---|---|
| Military College of Engineering (MCE) | Military College of Engineering (MCE) | 05/28/2014 | 621.384. DAR. | MCE-2274 | 05/28/2014 | 05/28/2014 | Book |
